| 000 | 00988cam a22002891 4500 | ||
|---|---|---|---|
| 999 |
_c6094 _d6094 |
||
| 001 | 6094 | ||
| 003 | MCM | ||
| 005 | 20180211193616.0 | ||
| 008 | 740506s1967 maua b 001 0 eng | ||
| 035 | _a(BD-JhCC)6094 | ||
| 040 |
_aDLC _cDLC _dKKP _dMYG _dBD-JhCC |
||
| 041 | _aeng | ||
| 082 |
_a610.973 _bRUS 1967 |
||
| 090 |
_aR151 _b.R981 |
||
| 099 | _aR151.R981 | ||
| 100 | 1 |
_aRutstein, David D. _q(David Davis), _d1909-1986. |
|
| 245 | 1 | 4 |
_aThe coming revolution in medicine / _c[by] David D. Rutstein. |
| 260 |
_aCambridge, Mass., _bMIT Press: _c[1967]. |
||
| 300 |
_axi, 180 p. _billus. _c21 cm. |
||
| 490 | 1 | _aM.I.T. Press publications | |
| 500 | _aFour essays based on a series of lectures delivered at the Massachusetts Institute of Technology in the fall of 1966. | ||
| 504 | _aBibliographical footnotes. | ||
| 650 | 0 |
_aMedicine _zUnited States. |
|
| 650 | 0 |
_aMedical care _zUnited States. |
|
| 830 | 0 | _aM.I.T. Press publications. | |
| 942 |
_2ddc _cBK |
||